|
|
|
|
| LEADER |
02631nam a2200577 4500 |
| 001 |
ocn926106047 |
| 003 |
OCoLC |
| 005 |
20170124070252.3 |
| 006 |
m o d |
| 007 |
cr ||||||||||| |
| 008 |
151021s2015 enk ob 001 0 eng |
| 010 |
|
|
|a 2015041531
|
| 040 |
|
|
|a DLC
|b eng
|e rda
|c DLC
|d YDX
|d YDXCP
|d DG1
|d CDX
|d OCLCF
|d N$T
|d IDEBK
|d COO
|d RECBK
|d KSU
|d GrThAP
|
| 019 |
|
|
|a 923734323
|a 925499437
|a 938451880
|
| 020 |
|
|
|a 9781118996829 (Adobe PDF)
|
| 020 |
|
|
|a 1118996828 (Adobe PDF)
|
| 020 |
|
|
|a 9781118996867 (ePub)
|
| 020 |
|
|
|a 1118996860 (ePub)
|
| 020 |
|
|
|z 9781118996959 (cloth)
|
| 020 |
|
|
|a 9781118996904
|
| 020 |
|
|
|a 1118996909
|
| 020 |
|
|
|a 111899695X (cloth)
|
| 020 |
|
|
|a 9781118996959 (cloth)
|
| 029 |
1 |
|
|a DEBBG
|b BV043398074
|
| 035 |
|
|
|a (OCoLC)926106047
|z (OCoLC)923734323
|z (OCoLC)925499437
|z (OCoLC)938451880
|
| 042 |
|
|
|a pcc
|
| 050 |
0 |
0 |
|a QA808
|
| 072 |
|
7 |
|a TEC
|x 009020
|2 bisacsh
|
| 082 |
0 |
0 |
|a 531.301/51
|2 23
|
| 049 |
|
|
|a MAIN
|
| 100 |
1 |
|
|a Ray, Debabrata,
|d 1942 January 23-
|e author.
|
| 245 |
1 |
0 |
|a Computation of nonlinear structures :
|b extremely large elements for frames, plates and shells /
|c Debabrata Ray.
|
| 264 |
|
1 |
|a Chichester, UK ;
|a Hoboken, NJ :
|b John Wiley & Sons,
|c 2015.
|
| 300 |
|
|
|a 1 online resource.
|
| 336 |
|
|
|a text
|2 rdacontent
|
| 337 |
|
|
|a computer
|2 rdamedia
|
| 338 |
|
|
|a online resource
|2 rdacarrier
|
| 504 |
|
|
|a Includes bibliographical references and index.
|
| 505 |
0 |
|
|a Mathematical preliminaries -- Tensors -- Rotation tensor -- Curves : theory & computation -- Surfaces : theory & computation -- Nonlinear mechanics -- C-type finite element method -- Linear bars, straight & curved beams and plane stress problems -- Nonlinear beams -- Nonlinear shells.
|
| 588 |
|
|
|a Description based on print version record and CIP data provided by publisher.
|
| 650 |
|
0 |
|a Nonlinear mechanics
|x Mathematical models.
|
| 650 |
|
0 |
|a Finite element method.
|
| 650 |
|
0 |
|a Numerical grid generation (Numerical analysis)
|
| 650 |
|
7 |
|a Finite element method.
|2 fast
|0 (OCoLC)fst00924897
|
| 650 |
|
7 |
|a Nonlinear mechanics
|x Mathematical models.
|2 fast
|0 (OCoLC)fst01038795
|
| 650 |
|
7 |
|a Numerical grid generation (Numerical analysis)
|2 fast
|0 (OCoLC)fst01041296
|
| 650 |
|
7 |
|a TECHNOLOGY & ENGINEERING / Civil / General
|2 bisacsh
|
| 655 |
|
4 |
|a Electronic books.
|
| 776 |
0 |
8 |
|i Print version:
|a Ray, Debabrata, 1942 January 23- author.
|t Computation of nonlinear structures
|d Chichester, UK ; Hoboken, NJ : John Wiley & Sons, 2015
|z 9781118996959
|w (DLC) 2015018211
|
| 856 |
4 |
0 |
|u https://doi.org/10.1002/9781118996904
|z Full Text via HEAL-Link
|
| 994 |
|
|
|a 92
|b DG1
|